| 000 | 00734cam a2200253 i 4500 | ||
|---|---|---|---|
| 001 | 22257 | ||
| 003 | BD-RjUL | ||
| 005 | 20211209000803.0 | ||
| 008 | 140306s1976 ii b b 000 0 eng | ||
| 035 | _a(BD-RjUL)22322 | ||
| 035 | _a(NNC)744254 | ||
| 040 |
_aNNC _beng _cNNC _dBD-RjUL |
||
| 041 | _aeng | ||
| 082 | 0 | 0 |
_a891.45 _bMIH 1976 |
| 100 | 1 |
_aMishra, Jayakanta. _968704 |
|
| 245 | 1 | 0 |
_aHistory of Maithili literature / _cJayakanta Mishra. |
| 260 |
_aNew Delhi : _bSahitya Akademi, _c1976. |
||
| 300 |
_avii, 308 p. : _bmap ; _c23 cm. |
||
| 504 | _aIncludes bibliographical references. | ||
| 650 | 0 |
_aMaithili literature _xHistory and criticism. _968705 |
|
| 942 |
_2ddc _cBK |
||
| 999 |
_c22257 _d22257 |
||